Vocabulaire géologique en anglais #2 - Statistiques

Statistiques générales
  • Ce quiz a été pris 10 fois
  • Le résultat moyen est 33 sur 50
Statistiques - réponses
Français Anglais % Correct
Tremblement de terre Earthquake
100%
Extraction Extraction
100%
Ressources Resource
100%
Tsunami Tsunami
100%
Volcan Volcano
100%
Abrasion Abrasion
86%
Noyau Core
86%
Croûte Crust
86%
Evolution Evolution
86%
Urgence Emergency
86%
Erosion Erosion
86%
Erosion Erosion
86%
Fossile Fossil
86%
Glacier Glacier
86%
Manteau Mantle
86%
Exploitation minière / miner Mining
86%
Sédiment Sediment
86%
Sediment Sediment
86%
Vallée Valley
86%
Erosion hydrique Water erosion
86%
Erosion éolienne Wind erosion
86%
Consommation Consumption
71%
Falaise Cliff
71%
Ouragan Hurricane
71%
Lithosphère Lithosphere
71%
Moraine Moraine
71%
Non renouvelable Non-renewable
71%
Renouvelable Renewable
71%
Crevasse Crevasse
57%
Datation Dating
57%
Sécheresse Drought
57%
Innondation Flood
57%
Temps geologique Geologic time
57%
Glissement de terrain Landslide
57%
Couches Layers / Stratas
57%
Eau de fonte Meltwater
57%
Sol Soil
57%
Vallée en U U-shaped valley
57%
Minerai Ore
43%
Tectonique des plaques Plate tectonics
43%
Durable Sustainable
43%
Altération Weathering
43%
Incendie de forêt Wildfire
43%
dépôt Deposition
29%
Calotte glaciaire Ice sheet
29%
Raffinage Refining
29%
Tornade Tornade
29%
Epuisement Depletion
14%
Dépôt Depositon
14%
Ravine Gully
14%
Aucun quiz correspondant
Distribution des résultats
% des personnes avec chaque résultat
Percentile par nombre de réponses
Votre historique - résultats
Vous n’avez pas pris ce quiz